000 00341nam a22001457a 4500
008 210427b ||||| |||| 00| 0 eng d
020 _a9781269809986
041 _aeng
080 _a330.101.542
082 _a330.101.542
100 _a52
101 _aMIKRO
245 _aIntermediate Microeconomics
_cSteven R. Kursh
942 _2udc
_cBK
999 _c56821
_d56821